00468nam a2200157 a 450000500170000000800410001702000150005805000240007310000290009724500600012626000510018630000280023752100070026565000210027270000170029320140310183350.0070620s19uu xx 00 eng d a1405120274 aPN 1994b.P575 2006 aCarroll, Noel, edited by aPhilosophy of film and motion pictures :ban anthology. aUnited Kingdom :bBlackwell Publishing,c2006. a430 p. :bill. ;c27 cm aMC aMotion pictures. aChoi, Jinhee